Capitales des pays participants à la coupe du monde de foot 2014 - Statistiques

Statistiques générales
  • Ce quiz a été pris 113 fois
  • Le résultat moyen est 20 sur 32
Statistiques - réponses
Capitales % Correct
Paris
96%
Madrid
89%
Berlin
88%
Brasilia
86%
Rome
82%
Buenos Aires
80%
Lisbonne
80%
Amsterdam
79%
Londres
79%
Alger
78%
Moscou
76%
Bruxelles
73%
Mexico
73%
Berne
71%
Washington
71%
Montévideo
65%
Zagreb
65%
Bogota
64%
Canberra
64%
Tokyo
63%
Seoul
62%
Santiago
56%
Athenes
55%
Yaoundé
52%
Teheran
43%
Accra
40%
Quito
40%
Yamoussoukro
38%
Abuja
37%
Sarajevo
36%
Tegucigalpa
28%
Asuncion
18%
Aucun quiz correspondant
Distribution des résultats
% des personnes avec chaque résultat
Percentile par nombre de réponses
Votre historique - résultats
Vous n’avez pas pris ce quiz